000 00530cam a2200193 i 4500
001 85333
003 BD-RjUL
005 20250728094326.0
008 250728s1956 pk a bc 000 0 urd
035 _a(BD-RjUL) 85333
040 _aDLC
_beng
_cDLC
_erda
041 _aeng
082 _223
_a891.4391209
_bSHK 1956
245 0 0 _aکرنیی '' Karini /
_cشفیق الرحمن ;; Shafiqur-ur-Rahman
260 _aLahore :
_bMaktubai Jarir ,
_c1956
300 _a247 pages :
_c17 cm.
650 _aUrdu literature
942 _2ddc
_cBK
999 _c85333
_d85333